| 000 | 01088nam a22002417a 4500 | ||
|---|---|---|---|
| 005 | 20121010141910.0 | ||
| 008 | 121010t xxu||||| |||| 00| 0 mar d | ||
| 010 | _aMAR-22841 | ||
| 020 |
_c160.00 _a8172944055 |
||
| 035 | _aMR-15499 | ||
| 037 | _bDBAD/PUB | ||
| 040 |
_aDPL _bMR |
||
| 082 | _a915.4 | ||
| 100 |
_953016 _aकॉर्बेट, जिम |
||
| 245 |
_aमाझा भारत / _cजिम कॉर्बेट;शंकर सारडा द्वारा संपादित |
||
| 246 |
_aMaza Bharat _bby Jim Corbet . |
||
| 260 |
_aपुणे _bदिलीपराज प्रकाशन _c2012 |
||
| 270 |
_bपुणे _a251 क,शनिवार पेठ, _e411030 |
||
| 300 |
_aदहा,176पृ _c21सेमी(अजिल्द) |
||
| 700 |
_aसारडा, शंकर _954266 |
||
| 942 |
_2ddc _cMR _mकॉर्बेट _h915.4 |
||
| 999 |
_c72114 _d72114 |
||